000 00480nam a2200145Ia 4500
008 221007s9999 xx 000 0 und d
041 _aeng
082 _bNIK
100 _aNikita Kamath - 2k171075; Dr. Arpita Singh - Guide & S A Tech. Software. Pvt.
_9105083
245 3 _aAn Analysis Of Attrition & Retention Strategies In Sa Tech Software ( I ) Pvt.
260 _c2018
_bSavitribai Phule Pune University
_aPune
300 _a49p
_cHard Bound
440 _v1
906 _bGeneral
999 _c79983
_d79983